Kpop Idols with beautiful smile (this is my opinion) Quiz Stats

 Plays Quiz not verified by Sporcle

Score 0/40 Timer 15:00
0 Plays Today
% Correct
Kai
97.8%
Chanyeol
95.6%
Chen
95%
Baekhyun
92.2%
Mark
90%
Onew
89.4%
Sunny
83.3%
Hoya
82.8%
V
82.8%
J-Hope
82.2%
Hyorin
82.2%
Wonho
81.1%
Yugyeom
80%
MJ
79.4%
Minhyuk
78.3%
Taeyeon
78.3%
Daehyun
77.2%
Dongwoo
76.1%
Moonbin
76.1%
JinJin
75%
% Correct
N
74.4%
Sungyeol
73.3%
L
72.8%
Zelo
72.8%
Tiffany
72.8%
Sungjong
71.7%
Youngjae
71.7%
Minhyuk
71.1%
Hongbin
70.6%
Sunggyu
69.4%
Woohyun
66.7%
Yongguk
66.7%
Yesung
66.7%
Youngjae
61.1%
Jongup
61.1%
Eunji
59.4%
Hyuk
57.2%
Himchan
45%
Kei
45%
Hwanhee
39.4%

You're not logged in!

Compare scores with friends on all Sporcle quizzes.
OR
Log In

Sporcle TV

Today on Sporcle TV


Watch our educational content, quiz creation guides, and fun videos on Sporcle TV.

Show Comments

Extras

Top Quizzes Today


Score Distribution

Your Account Isn't Verified!

In order to create a playlist on Sporcle, you need to verify the email address you used during registration. Go to your Sporcle Settings to finish the process.

Report this User

Report this user for behavior that violates our Community Guidelines.

Details: